000 00377nam a22001697a 4500
003 LK-CoDNM
005 20241219150114.0
008 241219b |||||||| |||| 00| 0 eng d
040 _aLK-CoDNM
_dLK-CoDNM
_eLK-CoDNM
041 _aeng
080 _a2
_bJ6
100 _aW.K. Brooks
245 _aSalpa
300 _a396p. : ill , 30 cm
650 _aScience
942 _cBK
999 _c233728
_d233728